[Event "Bundesliga 0203"]
[Site "Germany"]
[Date "2002.12.14"]
[Round "5.5"]
[White "Gurevich, Mikhail"]
[Black "Espig, Lutz"]
[Result "1-0"]
[WhiteElo "2634"]
[BlackElo "2425"]
[Annotator "Finkel,A"]
[PlyCount "81"]
[EventDate "2002.10.19"]
[EventType "team-tourn"]
[EventRounds "15"]
[EventCountry "GER"]
[SourceTitle "CBM 093"]
[Source "ChessBase"]
[SourceDate "2003.04.01"]
[SourceVersion "1"]
[SourceVersionDate "2003.04.01"]
[SourceQuality "1"]
[WhiteTeam "Porz"]
[BlackTeam "Plauen"]
[WhiteTeamCountry "GER"]
[BlackTeamCountry "GER"]

1. d4 d6 2. Nf3 f5 {Gurevich is an expert in Leningrad variation of Dutch
defense, so it's hard to call black's opening choice a successfull one.} 3. g3
Nf6 4. Bg2 g6 5. c4 Bg7 6. Nc3 O-O 7. O-O Qe8 8. d5 Na6 9. Rb1 Bd7 {Keeping
all the options open.} (9... e5 $6 10. dxe6 Bxe6 11. Nd4 c6 $6 12. b4 $1 $16) (
9... h6 10. Nd4 g5 11. e3 Qg6 12. b4 Bd7 13. a3 Rac8 14. Bd2 Ng4 15. Ncb5 $14 {
Jukic,M-Binhan,I Wien 1991/}) (9... c5 10. dxc6 bxc6 11. b4 $14 Rb8 (11... c5
12. bxc5 Nxc5 13. Ng5 Ba6 14. Bxa8 Qxa8 $44 15. Nd5 Nxd5 16. cxd5 Bc4 17. Bb2
Qxd5 18. Qxd5+ Bxd5 19. Bxg7 Kxg7 $10 {Nikolic,Pr Gurevich,M Moscow 1990 Inf
49/131/}) 12. b5 cxb5 13. cxb5 Nc5 14. Nd4 Bd7 15. Nc6 Rb7 16. Be3 Nce4 17.
Nxe4 Nxe4 18. Nxa7 $16 {Phominyh,A-Sabai,L Brno 1991/}) 10. b4 c6 11. dxc6 bxc6
(11... Bxc6 12. b5 Bxf3 13. exf3 $1 (13. Bxf3 Nc5 14. Be3 Rc8 $13 {Gelfand,
B-Gurevich,M Linares 1991/} 15. b6 axb6 16. Nd5 $14) 13... Nc5 14. f4 Qf7 15.
Qe2 Rac8 16. Re1 Rfe8 17. Be3 $14) 12. a3 ({Doesn't promise anything} 12. b5 {
and black knight comes to c5 with good counterplay for black.} Nc5 13. Nd4 Nfe4
14. Nxe4 Nxe4 15. bxc6 Bxc6 16. Ne6 Qc8 $1 17. Nxg7 Kxg7 18. Bxe4 $1 Bxe4 19.
Bb2+ Kf7 20. Rc1 Qe6 $1 21. Qd4 Rab8 $1 $10 {Hracek,Z-Malaniuk,V Kecskemet
1991 Inf 53/103/}) 12... Nc7 (12... Qf7 13. c5 $1 d5 14. b5 $16 {Cvitan,
O-Vanheste,J Graz 1987/}) 13. Bb2 (13. a4 $5 Rb8 14. b5 Ne6 15. e3 $5 c5 16.
Bb2 $14) 13... h6 $6 {It seems that the best chance to get counterplay is 13...
Ne6 bringing the knight to f7 via d8.} (13... Ne6 $5 {[%cal Ge6d8,Gd8f7]} 14.
e3 Nd8 $5 15. c5 $5 (15. Qe2 Nf7 16. Rfd1 e5 17. Nd2 e4 18. Nb3 Qe7 19. b5 c5
20. Na5 $6 Qd8 21. Nb3 Qc7 22. a4 Be6 23. Nd5 Bxd5 24. cxd5 Nd7 25. Bxg7 Kxg7
26. Qb2+ Nfe5 27. Qc3 Qd8 28. Na5 Qf6 $13 {Beliavsky-Kindermann, Frankfurt
rapid 1998}) (15. b5 Rb8 16. a4 a6 $1 17. Nd4 cxb5 18. cxb5 axb5 19. Ndxb5 Bc6
(19... Nf7 20. Ba1 Ng5 21. h4 Nf7 22. Qe2 Ne5 23. a5 Bc6 24. Bxc6 Qxc6 25. Nd4
Qc4 26. Qxc4+ Nxc4 27. Ne6 Nxa5 28. Nxf8 Rxf8 $14 {Van der Sterren-Lutz, BL
1996}) 20. Nd5 Nxd5 21. Bxd5+ Bxd5 22. Qxd5+ Qf7 23. Qxf7+ Kxf7 24. Bxg7 Kxg7
$11 {Van der Sterren-Dirr, Schlechter mem. 1996}) 15... d5 16. Ne5 Nf7 17. Ne2
Ne4 18. f4 $5 Nxe5 19. Bxe5 Bxe5 20. fxe5 Ng5 21. Nf4 {Lukacs,P-Lutz,C/AUT 1999
}) (13... Kh8 $6 14. c5 $1 dxc5 15. bxc5 Ng4 16. Na4 Bxb2 17. Nxb2 e5 18. h3
Nf6 19. Qd6 Nb5 20. Qxe5 $16 {Nikolic,Pr-Gurevich,M Manila 1990 Inf 49/132/}) (
13... Rd8 14. b5 Ne6 15. a4 Rb8 {Damljanovic,B-Bareev,E Pula 1988 Inf 46/134;
16.Ba3!+/=/}) 14. e3 Kh7 (14... g5 15. Ne2 a5 16. Qc2 (16. c5 $1 d5 {[%csl Re5]
} 17. Be5 Nb5 18. Rb3 axb4 19. axb4 Ng4 20. Bxg7 Kxg7 21. Ned4 $16 {Gurevich,
M-Dao Thien Hai/Batumi 2001}) 16... axb4 17. axb4 Rb8 18. Ba1 Na6 19. Bc3 Qc8
20. Nd2 $14 {Koenig,D-Lorenz,M/Passau 2000}) 15. Ne2 a5 16. c5 {Forcing black
either to weaken dark squares in the center by d5 or accept playing with weak
pawns on d6 and c6.} axb4 17. axb4 Ncd5 (17... d5 {[%csl Re5]} 18. Be5 Nb5 19.
Ra1 Na3 20. Nd2 Ng4 21. Bxg7 Kxg7 22. Nc3 $16 {[%csl Ra3]}) 18. Nf4 $1 $14 {
[%csl Rd6]} Qf7 $6 {Missing very good chance to get counterplay by playing 17..
.e5} (18... Nxf4 $6 19. exf4 Qb8 20. Re1 Re8 21. Bxf6 Bxf6 22. Ne5 $1 $16 {
[%csl Rc6,Rd7]}) (18... dxc5 19. bxc5 Nxf4 20. exf4 Be6 21. Nd4 Bd5 22. Bxd5
cxd5 23. Ne6 $16) (18... e5 $1 19. Nxd5 Nxd5 20. cxd6 Qe6 21. Nd2 Nxb4 22. Qb3
Nd5 23. e4 fxe4 24. Nxe4 $14) 19. cxd6 exd6 20. Bxf6 {Now black is in troubles
since he is forced to sacrifice a pawn to keep some play.} Nxf6 (20... Bxf6 {
was hardly an alternative} 21. Nxd5 cxd5 22. Nd4 $16 {and white has huge
positional edge.}) 21. Qxd6 Ne4 22. Qd3 Bc8 23. Qc2 $16 {White is just a pawn
up, so all he has to do is to supress black's attempts to get counterplay on
the queenside.} Ba6 24. Rfc1 Bb5 25. Nd4 Ra2 (25... Bxd4 26. exd4 Ra2 27. Rb2
Rxb2 28. Qxb2 Ra8 29. Bxe4 fxe4 30. Qc2 $16) 26. Rb2 Rfa8 27. Bxe4 Rxb2 28.
Qxb2 fxe4 29. Qc2 $1 {Forcing black to trade one of the bishops.} Bxd4 30. exd4
Re8 31. Qd2 g5 32. Ng2 {[%cal Gg2e3,Gd4d5]} Ra8 (32... Rd8 $5) 33. Qe1 Qd5 34.
Qc3 Ra2 ({More persistant was} 34... Rd8 35. Rd1 Be2 36. Ne3 Qd7 37. Rc1 Bb5
38. Qc2 Qxd4 39. Rd1 Bd3 40. Qxc6 $16) 35. Ne3 Qf7 36. Rc2 Ra6 37. Rd2 $1 $18 {
[%cal Gd4d5]} Qa7 38. d5 cxd5 39. Rxd5 Ra1+ 40. Kg2 Be2 41. Qc8 1-0

[Event "SWE-ch"]
[Site "Skara"]
[Date "2002.07.11"]
[Round "10"]
[White "Akesson, Ralf"]
[Black "Berg, Emanuel"]
[Result "1/2-1/2"]
[WhiteElo "2451"]
[BlackElo "2503"]
[Annotator "Finkel,A"]
[PlyCount "222"]
[EventDate "2002.06.30"]
[EventType "tourn"]
[EventRounds "13"]
[EventCountry "SWE"]
[EventCategory "9"]
[SourceTitle "CBM 091"]
[Source "ChessBase"]
[SourceDate "2002.11.12"]
[SourceVersion "1"]
[SourceVersionDate "2002.11.12"]
[SourceQuality "1"]

1. d4 f5 2. Nf3 Nf6 3. g3 g6 4. Bg2 Bg7 5. O-O O-O 6. c4 d6 7. Nc3 Qe8 8. d5
Na6 9. Rb1 c5 10. e4 $5 {Opening a center, but permitting black to get
counterplay on the queenside by transferring b5.} (10. Bd2 Bd7 11. Qc1 Nc7 12.
Bh6 Qf7 13. b3 Bxh6 14. Qxh6 Qg7 15. Qd2 h6 16. Ne1 Rab8 $13 {Cvitan,
O-Malaniuk,V/Forli 1992}) (10. Re1 Nc7 11. e4 fxe4 12. Ng5 Ng4 13. Ncxe4 Bd4
14. Nf3 Bf5 15. Nxd4 Bxe4 16. Bxe4 Nxf2 $13 {Loisa,A-Koskinen,H/Jyvaskyla 1987}
) (10. b3 Nc7 (10... h6 11. Bb2 g5 12. Qd2 Qh5 13. e3 Bd7 14. Ne1 f4 15. exf4
gxf4 16. Ne2 fxg3 17. Nxg3 Qg6 {1/2-1/2 Novikov,I-Malaniuk,V/Lvov 1988/CBM 07 
(17)}) 11. a4 (11. Bb2 b5 12. Nxb5 Nxb5 13. cxb5 Qxb5 14. Nd2 Nd7 15. Bxg7 Kxg7
16. Re1 Qb4 17. e4 $14 {Ivanchuk,V-Legky,N/Tashkent 1987}) 11... b6 12. e4 $5
fxe4 13. Ng5 e3 $1 14. Bxe3 Bf5 $13 {Timoscenko,G-Malaniuk,V/Tashkent 1987}) (
10. a3 h6 11. b4 g5 12. e3 Qh5 13. Re1 Ne4 14. Nb5 Bd7 15. Bb2 Bxb2 16. Rxb2
Rfc8 17. Qe2 $14 {Jelen,I-Psakhis,L/Portoroz 1987}) (10. Ne1 Nc7 11. a4 b6 12.
Bd2 Rb8 13. Nd3 e6 14. dxe6 Bxe6 15. b3 Bf7 $13 {Larsen,B-Yrjola,J/Holstebro
1989}) 10... fxe4 11. Ng5 Nc7 12. Ngxe4 (12. a4 $5 a6 13. a5) 12... Nxe4 13.
Nxe4 b5 14. Re1 Qf7 15. b3 Rb8 {[%cal Gb8b1]} 16. Bf4 (16. Bg5 bxc4 17. bxc4
Rxb1 18. Qxb1 Bf5 19. Qc2 $14) 16... Bf5 17. Qd2 Rb7 {[%cal Gf8b8]} 18. Nxc5 $5
{After this move almost all the pieces disappear from the board, but white
didn't have anything better.} (18. Ng5 Qf6 19. Ne6 Nxe6 20. dxe6 Rbb8 $13)
18... dxc5 19. d6 {[%cal Gg2b7]} e5 $5 {[%csl Rb1,Rf4] Another promising
option was} (19... Bxb1 20. Bxb7 exd6 21. Rxb1 bxc4 22. bxc4 Bd4 $132 {with
unclear position.}) 20. dxc7 Qxc7 (20... Rxc7 21. Bd5 Be6 22. Bxe5 Bxe5 23.
Rxe5 $16) 21. Bxb7 Qxb7 22. Be3 Bxb1 23. Rxb1 bxc4 24. Qc2 {It wasn't too late
to lose the game after} (24. Bxc5 $2 Rc8 25. Qb4 Qxb4 26. Bxb4 c3 27. Rc1 c2
28. Bd2 e4 $17 {[%cal Gg7b2]}) 24... cxb3 25. Rxb3 Qd5 26. Rd3 (26. Qxc5 Qd1+
27. Kg2 Qf3+ 28. Kg1 $11) 26... Qe6 27. Bxc5 Rc8 28. Rc3 e4 29. Bd4 $1 {
Trading those few pices that are left on the board!} Rxc3 30. Qxc3 Bxd4 31.
Qxd4 Qxa2 32. Qxe4 $11 {Black king is too exposed that's why white easily hlds
this ending.} Qf7 33. Qe5 h5 34. h3 Qd7 35. Qg5 Kg7 36. Qe5+ Kh7 37. Kh2 a6 38.
Kg2 Qg7 39. Qa5 Qb7+ 40. Kg1 Qb1+ 41. Kg2 Qb5 42. Qc7+ Kg8 43. Qd6 Kf7 44. Qf4+
Kg7 45. Qc7+ Kf6 46. Qd6+ Kf7 47. Qf4+ Ke6 48. Qe4+ Kf6 49. Qf4+ Qf5 50. Qd6+
Qe6 51. Qf4+ Kg7 52. Qc7+ Kh6 53. Qc1+ Kg7 54. Qc7+ Qf7 55. Qe5+ Qf6 56. Qc7+
Kh6 57. Qc1+ Kg7 58. Qc7+ Qf7 59. Qe5+ Kh7 60. Qc5 Qb7+ 61. Kh2 Qd7 62. Qb6 Qc8
63. Qd6 a5 64. Qe7+ Kg8 65. Qd6 Qf5 66. Qd8+ Kf7 67. Qc7+ Ke6 68. Qb6+ Kd7 69.
Qb7+ Ke6 70. Qb6+ Ke7 71. Qc7+ Ke8 72. Qc6+ Kf8 73. Qd6+ Kg7 74. Qc7+ Kh6 75.
Qc1+ Qg5 76. Qc3 Qd8 77. Qe3+ Kh7 78. Qa7+ Kg8 79. Qa6 Kg7 80. Qa7+ Kf6 81.
Qa6+ Kg5 82. Qc4 Kh6 83. Qf4+ Kg7 84. Qe5+ Kh7 85. Qb5 Qc7 86. Kg2 Qa7 87. Qa4
Kg7 88. Kg1 Qb6 89. Qa1+ Kf7 90. Qe5 Qb4 91. Qd5+ Kf6 92. Qc6+ Kf5 93. Qd5+ Kf6
94. Qc6+ Ke7 95. Qxg6 a4 96. Qh7+ Kd6 97. Qh6+ Kd7 98. Qh7+ Kc6 99. Qg6+ Kb7
100. Qg7+ Ka6 101. Qg6+ Qb6 102. Qd3+ Qb5 103. Qd6+ Qb6 104. Qd3+ Ka5 105. Qd2+
Qb4 106. Qd5+ Kb6 107. Qe6+ Kc5 108. Qe5+ Kc4 109. Qe4+ Kc3 110. Qe1+ Kc4 111.
Qe4+ Kb5 1/2-1/2

[Event "Tan Chin Nam Cup 8th"]
[Site "Qingdao"]
[Date "2002.07.06"]
[Round "5"]
[White "Mikhalevski, Victor"]
[Black "Zhang, Zhong"]
[Result "1-0"]
[WhiteElo "2520"]
[BlackElo "2637"]
[Annotator "Finkel,A"]
[PlyCount "81"]
[EventDate "2002.07.04"]
[EventType "swiss"]
[EventRounds "9"]
[EventCountry "CHN"]
[SourceTitle "CBM 091"]
[Source "ChessBase"]
[SourceDate "2002.11.12"]
[SourceVersion "1"]
[SourceVersionDate "2002.11.12"]
[SourceQuality "1"]

1. d4 f5 2. g3 Nf6 3. Bg2 g6 4. c4 Bg7 5. Nc3 d6 6. Nf3 O-O 7. O-O Qe8 8. d5 a5
9. Nd4 Na6 10. b3 Nc5 11. Rb1 (11. Bb2 Bd7 12. e3 c6 13. a3 Rc8 14. Nce2 cxd5
15. cxd5 g5 16. Rc1 Qh5 17. Nc3 Qh6 18. Na4 $14 {Stohl,I-Gazik,I/Stary
Smokovec 1986}) 11... Bd7 12. a3 (12. e3 Qf7 13. Bb2 Nce4 14. Qc2 c5 15. dxc6
bxc6 16. f3 Nc5 17. Rbd1 Kh8 18. Ba1 Rab8 $15 {Linqvist,G-Simola,T/Jyvaskyla
1996}) (12. Bb2 g5 13. e3 Qg6 14. Qc2 Ng4 15. Rbd1 Qh5 16. h3 Nf6 17. Ba3 f4
$132 {Ludden,G-Kosteniuk,A/Wijk aan Zee 2000}) 12... c6 (12... Nfe4 13. Nxe4
Nxe4 14. Qd3 Nc5 15. Qe3 Be5 16. f4 Bg7 17. Bb2 c6 18. Ba1 Na6 19. Rfe1 $14 {
Kallio,H-Simola,T/Salokangas 1996}) 13. b4 axb4 14. axb4 Nce4 15. Nxe4 Nxe4 16.
Qd3 cxd5 $1 {White pawn on d5 becomes a target for black pieces.} (16... c5 17.
Ne6 Bxe6 18. dxe6 Nc3 19. Rb3 cxb4 20. Rxb4 Na4 21. Be3 $16 {Reizniece,
D-Kosintseva,N/Litohoto 1999}) 17. cxd5 Qf7 18. Be3 $5 {Threatening to take on
e4.} (18. Bxe4 fxe4 19. Qxe4 Bh3 20. Bf4 Bxf1 21. Rxf1 Bxd4 22. Qxd4 Ra2 $15)
18... Qxd5 19. Nxf5 $1 Qxd3 20. exd3 Nc3 $5 {Black is not satisfied with a
draw after} (20... gxf5 21. dxe4 Bc6 22. exf5 Rxf5 $11) 21. Nxe7+ Kf7 22. Rbe1
$1 {Defending the knight on e7.} Be6 (22... Kxe7 $2 23. Bg5+ Kf7 24. Re7+ $16)
(22... Bb5 $5 23. Bxb7 Kxe7 24. Bd4+ Kf7 25. Bxg7 Kxg7 26. Bxa8 Rxa8 27. Re7+
$13) 23. Bg5 Rae8 $6 (23... h6 24. Nxg6 hxg5 25. Nxf8 Rxf8 26. f4 g4 27. Bxb7
$14) 24. Re3 $1 Bd4 (24... Rxe7 $2 25. Bxe7 Kxe7 26. Rfe1 {[%csl Re6]} Be5 (
26... Rf6 27. Bh3 $18) 27. d4 $1 $18) 25. Rf3+ Kg7 26. Rxf8 Kxf8 27. Re1 Bd5 $5
(27... Rxe7 $2 28. Bxe7+ Kxe7 29. Bh3 Be5 30. Bxe6 Kxe6 31. d4 $18) (27... Kf7
$5) 28. Bxd5 Nxd5 29. Re4 $1 Nc3 $6 {This move is serious mistake. After
accurate} (29... Bxf2+ 30. Kxf2 Nxe7 $14 {the game would end up a draw.}) 30.
Rh4 $1 Kg7 (30... Rxe7 31. Bxe7+ Kxe7 32. Rxh7+ Ke6 33. Rxb7 Ne2+ 34. Kf1 Nc1
35. f4 Nxd3 36. Ke2 $16) 31. Kf1 Be5 32. Rc4 $1 d5 (32... h6 33. Rc7 $1 hxg5
34. Nd5+ Kh6 35. Nxc3 $18) 33. Rc5 h6 34. f4 (34. Bd2 $2 Nb1 {[%csl Rd2,Re7]})
34... Bd6 35. Rxc3 hxg5 36. Nxd5 gxf4 37. Nxf4 $18 Kf6 38. Rc4 Ra8 39. Rd4 Be5
40. Re4 Bc3 $4 41. Nd5+ 1-0

[Event "Olympiad-33"]
[Site "Elista"]
[Date "1998.09.30"]
[Round "2.4"]
[White "Hebden, Mark"]
[Black "Depasquale, Chris"]
[Result "1-0"]
[WhiteElo "2590"]
[BlackElo "2305"]
[Annotator "Ftacnik,L"]
[PlyCount "67"]
[EventDate "1998.09.29"]
[EventType "team-swiss"]
[EventRounds "13"]
[EventCountry "RUS"]
[SourceTitle "CBM 068"]
[Source "ChessBase"]
[SourceDate "1999.02.01"]
[SourceVersion "1"]
[SourceVersionDate "1999.02.01"]
[SourceQuality "1"]
[WhiteTeam "England"]
[BlackTeam "Australia"]
[WhiteTeamCountry "ENG"]
[BlackTeamCountry "AUS"]

1. d4 f5 2. g3 Nf6 3. Bg2 g6 4. Nf3 Bg7 5. O-O O-O 6. c4 c6 7. b3 d6 8. Bb2 Ne4
9. Qc2 Nd7 (9... d5 10. Nbd2 Be6 11. e3 Nd7 12. Rac1 Rc8 13. Rfd1 Bh6 14. Ne1
Ndf6 15. Nd3 Nd6 16. c5 Nde4 17. Nf1 Nd7 18. f3 Nef6 19. h3 g5 20. g4 Qc7 {
0-1 Bouwmeester,H-Zapletal,J/olm10 corr8291/1982/ (42)}) 10. d5 (10. Rd1 Ndf6
11. Nc3 Ng4 12. Rf1 e5 13. h3 Ngxf2 14. Rxf2 Nxf2 15. Kxf2 e4 16. Ng1 e3+ 17.
Kxe3 Qg5+ 18. Kd3 Re8 19. Qd2 Qxg3+ 20. Bf3 f4 21. Qe1 {1-0 Hacik,R-Kolcak,M/
SVK-chT9596/1996/ (42)}) 10... Ndf6 (10... Bxb2 11. Qxb2 Ndf6 12. dxc6 bxc6 13.
Nc3 Bd7 14. Rad1 Rb8 15. Nd2 Nc5 16. e4 f4 17. Qc2 fxg3 18. hxg3 Ng4 19. Nf3
Qb6 {0-1 Naylor,J-Fazekas,S/BCF-ch/1959/ (60)}) 11. dxc6 {White has to give up
dreams of keeping the d5 pawn, he prefers to concentrate on the active play
with pieces.} (11. Nc3 Nxc3 12. Qxc3 Ne8 13. Qd2 Bxb2 14. Qxb2 cxd5 15. cxd5
Nc7 $11) 11... bxc6 12. Nbd2 e5 13. Rad1 Qe7 14. Nb1 $5 (14. Nxe4 fxe4 15. Ne1
d5 16. f3 exf3 $11) 14... Bb7 15. Nfd2 Nxd2 (15... Nc5 16. b4 Ne6 17. Nb3 $14)
(15... c5 16. Nxe4 Nxe4 17. Nd2 $14) 16. Qxd2 Rfd8 17. Qa5 d5 (17... e4 $5 18.
e3 Rd7 19. Na3 Qd8 $11) 18. e3 Ne4 $6 {This move turns out to be a surprising
mistake, black allows exchange of the vital piece and his center becomes more
exposed.} (18... e4 19. cxd5 $1 (19. Nc3 dxc4 20. Ba3 Qe8 21. bxc4 Ng4 $36)
19... Nxd5 20. Bxg7 Qxg7 21. Rd2 $14) (18... Rd7 $5 19. Nc3 Qd8 20. Qa4 Qb6 $11
) 19. Nc3 Nxc3 (19... Rac8 20. Nxe4 (20. cxd5 Nxc3 21. Bxc3 cxd5 22. Bb4 Qe6
$13) 20... fxe4 21. Ba3 $14) 20. Bxc3 d4 (20... dxc4 21. bxc4 $14) 21. exd4
exd4 22. Bb2 (22. Bb4 Qd7 23. Rd3 $14) 22... Rd7 (22... c5 $2 23. Rfe1 $1 Qf7
24. Bxb7 Qxb7 25. Qxc5 $16) 23. c5 $1 {[%mdl 32] The central theme in this
structure is clearly the fate of black d pawn: is it weak or strong?} Qd8 (
23... d3 24. Bxg7 Qxg7 25. Rd2 Re8 26. Rfd1 Re2 27. Rxd3 $1 Rxd3 28. Rxd3 Qa1+
29. Bf1 Re1 30. Qd8+ $18) 24. Qa4 d3 (24... a5 25. Bxc6 Bxc6 26. Qxc6 $16) 25.
Qc4+ (25. Bxg7 $6 Kxg7 26. Bxc6 Bxc6 27. Qxc6 Rc8 28. Qb5 d2 $1 $132) 25... Kh8
26. Bxg7+ Kxg7 (26... Rxg7 $2 27. Rxd3 $18) 27. Rfe1 Qa5 (27... Rc8 28. Re3 $1
d2 29. Re2 $18) 28. b4 Qa3 29. Qh4 $5 {Hebden demostrates originality with
tactical solution, black has clearly failed to prove the potential of d3 pawn.}
(29. b5 $1 Rc8 (29... cxb5 30. Qxb5 $18) 30. Re6 Rdc7 31. Qd4+ Kg8 32. bxc6 $18
) 29... Qxa2 (29... Rf8 30. Re7+ Rxe7 31. Qxe7+ Rf7 32. Qe5+ Kg8 33. b5 Qxa2 (
33... d2 34. bxc6 Qc1 35. Qe2 Ba6 36. Qxd2 $18) 34. Rxd3 $18) 30. Rxd3 $1 Rf7 (
30... Rxd3 31. Re7+ Qf7 32. Rxf7+ Kxf7 33. Qxh7+ Kf6 34. Qxb7 $18) 31. Qd4+ Kg8
32. Rd2 Qa4 (32... Qa3 33. Bf1 $1 Ba6 34. Ra1 $18) 33. Bf1 $1 a5 34. Bc4 {
The cooperation of white pieces is perfect.} (34. Bc4 Qxb4 35. Re7 $18) 1-0

[Event "Presidents Cup "]
[Site "Elista"]
[Date "1998.05.08"]
[Round "1.2"]
[White "Gelfand, Boris"]
[Black "Malaniuk, Vladimir P"]
[Result "1-0"]
[WhiteElo "2675"]
[BlackElo "2600"]
[Annotator "Gelfand,B"]
[PlyCount "67"]
[EventDate "1998.05.07"]
[EventType "k.o."]
[EventRounds "6"]
[EventCountry "RUS"]
[SourceTitle "CBM 065"]
[Source "ChessBase"]
[SourceDate "1998.08.06"]
[SourceVersion "1"]
[SourceVersionDate "1998.08.06"]
[SourceQuality "1"]

1. d4 f5 2. g3 Nf6 3. Bg2 g6 4. Nf3 Bg7 5. O-O O-O 6. c4 d6 7. Nc3 Qe8 8. Nd5
Nxd5 9. cxd5 Qb5 10. Ng5 Qb6 11. Be3 a5 12. h4 Na6 13. a3 $1 $146 {Khalifman,A}
(13. Qd2 c6 14. Rac1 Nb4 15. dxc6 bxc6 16. d5 c5 17. b3 Na6 18. h5 a4 19. hxg6
hxg6 20. Qd3 axb3 21. axb3 Rb8 22. Rb1 Qb5 23. Qd2 Qb4 24. Qa2 Qb5 25. Rfc1 Bd7
26. Qd2 Nb4 27. Nh3 Kf7 28. Bh6 Bxh6 29. Qxh6 Rh8 30. Qf4 Qxe2 31. Re1 Qg4 32.
Ng5+ Kf8 33. Qe3 Re8 34. Rbc1 Qh5 35. Rc4 Qh2+ 36. Kf1 Qh6 37. Ra1 Bb5 38. Ra7
Nc2 39. Qe6 Qxg5 {0-1 Itkis,B-Malaniuk,V/Tallinn rapid Cup-URS (08) ;EXT 88
1988}) 13... Bd7 (13... c5 $2 14. dxc6 bxc6 15. Qc2 Bd7 (15... d5 16. Nf3 $16)
16. Qc4+ e6 17. d5 $18) (13... Qxb2 14. Qd3 Qb6 15. Rab1 Qa7 16. h5 $44) 14.
Qd3 Rfc8 (14... Qb5 15. Qxb5 Bxb5 16. Ne6 Rfc8 (16... Rfe8 17. Bd2) 17. Bg5 (
17. Bd2) 17... Bf6 18. Rfe1 $14) (14... Rf6 15. Rac1 Kh8 16. Rc3 $16) 15. Ne6 (
15. Rac1 $5 Qb5 (15... Bb5 16. Qd2 Bd7 17. h5 c6 18. dxc6 bxc6 19. hxg6 hxg6
20. Nf3 $16) 16. Qxb5 Bxb5 17. Ne6 Bf6 18. Bd2 $16) (15. Rfd1 Ba4 (15... Qb5)
16. Rd2 Qb3 $132) (15. h5 $5 Qb5 16. hxg6 hxg6 17. Qd2 (17. Rfe1 Qxd3 18. exd3
c5 19. dxc6 (19. dxc5) 19... bxc6) (17. Qb1 $5 Qxe2 18. Qa2 Bf6 (18... a4 19.
Rac1) 19. Bf3 Qb5 20. Rac1 Kg7 21. Kg2 Rh8 $13) 17... c6 18. dxc6 (18. Rfc1 Nc7
(18... cxd5 19. a4 Rxc1+ 20. Rxc1 Qb3)) 18... bxc6 19. Rac1 Nc7 (19... Rab8 20.
Rc2 Nc7 21. Nh3 $14) 20. Nh3 $14) 15... Bxe6 16. dxe6 c6 (16... d5 17. Bxd5 Rd8
18. Qc4 c6 19. Bf3 Bxd4 20. Bg5 Qc5 21. Qb3 $16) 17. h5 (17. d5 $1 Qb5 (17...
c5 18. Rac1) 18. dxc6 Qxd3 19. cxb7 Qxe2 20. bxa8=Q Rxa8 21. Bxa8 Nc5 (21...
Nc7 22. Bg2) (21... Bxb2 22. Ra2 Qc2 23. Bd5 $16) 22. Rfe1 Qg4 (22... Qa6 23.
Bd5 Nd3 24. Red1) 23. Bxc5 dxc5 24. Rad1 Bd4 25. Kg2 f4 26. Bf3 Qf5 27. Re4 $16
) 17... Nc7 {Meulders: Weil die Route über b4 gesperrt ist, muß der Springer
sich via c7 zurück ins Spiel begeben.} (17... d5 18. hxg6 hxg6 19. g4 $1 Rf8 (
19... f4 20. Qxg6) 20. gxf5 gxf5 (20... Rxf5 21. Bh3) 21. Rad1 Nc7 22. Bh3 f4
23. Bc1 Rf6 (23... Nb5 $5 24. e3 Rf6 25. exf4 Nxd4 26. f5) 24. e4 (24. Kh2 Nxe6
25. Bxe6+ Rxe6 26. Bxf4 $14) 24... Nxe6 (24... fxe3 25. Qxe3 Raf8 26. f4) 25.
e5 Rh6 26. Bxe6+ (26. Kh2 Ng5) 26... Rxe6 27. Bxf4 Rf8 28. Bg5 $1 $16 (28. Bg3
Rh6 29. f4 e6 30. f5 exf5 31. Rxf5 Rxf5 32. Qxf5 Qxb2) 28... Bh6 (28... c5 29.
f4) 29. f4 $16 Bxg5 $140 30. fxg5 Rxf1+ 31. Rxf1 Qxb2 32. Rb1 Qa2 33. Qf5) 18.
hxg6 hxg6 19. d5 (19. g4 Qb5 $1) 19... Qa6 (19... Qb5 20. dxc6 bxc6 21. Rac1) (
19... c5 20. Rac1 (20. Rab1 Qb5 21. Qd2) 20... Qxb2 21. Bg5) 20. dxc6 bxc6 21.
Rac1 Nxe6 $2 (21... Qxd3 22. exd3 Nd5 $1 (22... Bxb2 23. Rxc6 Nxe6 24. Rxc8+
Rxc8 25. Bd5 Kf7 26. Re1 $18) 23. Bg5 (23. Rxc6 Nxe3 24. fxe3 Rxc6 25. Bxc6 Rc8
26. Bd7 Rb8) (23. Rc2 Rab8 24. d4 Nxe3 25. fxe3 c5) (23. Bxd5 cxd5 24. b4 $5
axb4 25. axb4 Bc3 26. Rb1 (26. b5 Rab8 27. Kg2 (27. Rb1) 27... d4 (27... Rxb5
28. Rh1 (28. Bd4 Bxd4 29. Rxc8+ Kg7)) 28. Bg5 Rxb5 29. Bxe7 Re8 $11) 26... Rab8
27. b5 d4 (27... Kg7 28. Rb3) 28. Bg5 Rb7 29. Kg2 $14 Rc5 30. f4 d5 31. Rf2)
23... Bxb2 (23... Kf8 24. Rxc6 Rxc6 25. Bxd5 Rac8 26. Bxc6 Rxc6 27. b4) 24.
Rxc6 Bf6 $1 (24... Rxc6 25. Bxd5 Rca6 26. Bxe7 (26. Bxa8 Rxa8 27. Bxe7 Re8 28.
Bxd6 Rxe6 29. Bc5 $14)) 25. Bxf6 (25. f4 Bxg5 26. fxg5 (26. Rxc8+ Rxc8 27. fxg5
Ne3 28. Rb1 Nxg2 29. Kxg2 d5 $11) 26... Rxc6 27. Bxd5 Rac8 28. Bxc6 Rxc6 29.
Rb1 d5) 25... Nxf6 26. Rb1 Rxc6 (26... Rab8 27. Rb7) 27. Bxc6 Rc8 28. Rb6 f4
$11) 22. b4 $2 (22. Qxa6 Rxa6 23. b4 axb4 24. axb4 Rb8 25. Bxc6 Rxb4 26. Bd5
Kf7 $15) (22. Bxc6 $1 Rxc6 (22... Qxd3 23. exd3 Bxb2 24. Bd5 Kf7 25. Rce1) 23.
Qd5 Rxc1 (23... Rac8 24. Qxe6+) 24. Qxe6+ Kf8 25. Rxc1 $16) 22... axb4 (22...
Qxd3 23. exd3 Nd8 24. b5 cxb5 25. Bxa8 Rxa8 26. Rc7 Kf7 27. Bg5 (27. Rb1 Ne6
28. Rb7 b4 29. axb4 a4 $19) 27... Bf6 (27... Bf8 28. Be3) 28. Bxf6 Kxf6 29. Re1
Ne6 30. Rb7 $132) 23. axb4 Qxd3 24. exd3 Nd4 $2 {Meulders: Falls den Springer
sich hier behaupten könnte, stünde er natürlich ausgezeichnet. Leider für
Schwarz ist das nicht der Fall, also wäre} (24... Rab8 25. Bxc6 Nd4 26. Bd5+ (
26. Bxd4 Bxd4 27. b5 $11) 26... Kf8 27. Rxc8+ Rxc8 28. Rb1 e6 $11 (28... Ne2+
29. Kg2 Nc3 30. Rc1 Rb8 31. Be6 $16)) (24... Nd8 $1 {Meulders: wohl besser, z.
B.} 25. b5 (25. Bb6 Rab8 26. Ba5 Kf8) 25... cxb5 26. Bxa8 Rxa8 27. Rb1 (27. Rc7
Kf7 28. Bg5 (28. Rb1 Ne6 (28... Ra3 $1 29. Rxb5 Rxd3 $15 {/=}) (28... Rb8 $2
29. Ba7 Ra8 30. Rxb5 $14) 29. Rb7 Ra3) 28... Bf6 $15 29. Bxf6 Kxf6 30. Re1 Ne6
31. Rb7 Ra3 $15) 27... Rb8 28. Rb3 Ne6 29. Rfb1 Nc7 30. Kf1 Kf7 31. Bd2 Bd4 $15
) 25. Rc4 Ne2+ (25... e5 26. Bxd4 exd4 27. Bxc6 $16) 26. Kh2 e6 $6 (26... Rab8
27. Bxc6 Rxc6 (27... Nc3 28. d4) 28. Rxc6 Rxb4 $14 29. Re1 Rb2 30. Bg5 (30. Kg2
Bf6 (30... Kf7 31. Rc7)) 30... Kf7 31. Rc7 Bf6 $14) 27. Bxc6 $18 d5 28. Rc5 Bf8
29. Bxa8 Bxc5 30. Bxd5 (30. Bb7 Rc7 31. Bxc5 Rxb7 32. Re1) 30... exd5 31. Bxc5
f4 32. Kg2 g5 33. Kf3 Re8 34. b5 1-0